| 000 | 01036pam a2200301 a 4500 | ||
|---|---|---|---|
| 001 | 2910048 | ||
| 003 | SISC | ||
| 005 | 20160401142946.0 | ||
| 008 | 880411r19881986wiua b 001 0 eng | ||
| 010 | _a 88014437 | ||
| 020 |
_a0916951162 : _c$9.95 |
||
| 040 |
_aDLC _cDLC _dDLC |
||
| 043 | _an-us--- | ||
| 050 | 0 | 0 |
_aKF 240 _b.W7 1988 |
| 082 | 0 | 0 |
_aHS 340.07 _b W92 1986 |
| 100 | 1 |
_aWren, Christopher G., _d1950- _910888 |
|
| 245 | 1 | 4 |
_aThe legal research manual : _ba game plan for legal research and analysis / _cChristopher G. Wren, Jill Robinson Wren. |
| 250 | _a2nd ed. | ||
| 260 |
_aMadison, Wis. : _bAdams & Ambrose Pub., _c[1988], c1986. |
||
| 300 |
_a242 p. : _bill. ; _c23 cm. |
||
| 500 | _aReprint. Originally published: Madison, Wis. : A-R Editions, c1986. | ||
| 504 | _aIncludes bibliographical references and index. | ||
| 650 | 0 |
_aLegal research _zUnited States. _910889 |
|
| 700 | 1 |
_aWren, Jill Robinson, _d1954- _910890 |
|
| 906 |
_a7 _bcbc _corignew _d1 _eocip _f19 _gy-gencatlg |
||
| 942 |
_2lcc _cBK |
||
| 999 |
_c8725 _d8725 |
||